000 02501cab a2200721 4500
001 ABS44254
008 090401t1991 xxu||||| |||| 00| 0 eng d
035 _a(Sirsi) u46163
041 _aeng
100 _aLuba, J.
245 _aRecent developments in housing law
260 _c1991
350 _a0
490 _aLegal Action
_vMarch 1991, 12-17 (6)
520 _aReview of recent developments in housing law looks at Environmental Protection Act 1990 , Planning and Compensation Bill , Commonhold , Rent to Mortgage schemes , Security of tenure , Right to buy protected tenancies , long lessees and service charges . Illustrates with reference to case law .
650 _a30 UPPERTON GARDENS MANAGEMENT LTD V AKANO
650 _aAYARI V JETHA
650 _aBERRY V AVRISON CO LTD
650 _aBERRY V AVRISONS CO LTD
650 _aBLATHERWICK SERVICES LTD V KING
650 _aBURROWS V SHARP
650 _aC G HOMES LTD V SOS FOR HEALTH
650 _aCONGDON V PROBUILD DEVELOPMENTS LTD
650 _aCOUNCIL HOUSING
650 _aCROMPTON V BROOMFIELD
650 _aFAMILY HOUSING ASSOCIATION V MIAH
650 _aGREENWICH LBC V DISCREET SELLING ESTATE LTD
650 _aHEARN V SWANSEA CC
650 _aHEDGEDALE LTD V HARDS
650 _aHILTON V PLUSTILE LTD
650 _aHOMELESSNESS
650 _aHOWARD V MIDROME
650 _aJENKENS V RENFREW DC
650 _aKAYE V MASSBETTER AND KANTER
650 _aKOTECHA V RIMINGTON
650 _aLANDLORD AND TENANT
_96252
650 _aLOVE V HERRITY
650 _aLOWBRIDGE V KACKNEY
650 _aMILLER V FALKIRK DC
650 _aO NEILL V MURRAY
650 _aOPOKU-FORFIEH V HARINGEY LBC
650 _aPALMER V MCNAMARA
650 _aR V BARNET LBC EX P O'CONNOR
650 _aR V CAMDEN LBC EX P MAUGHAN AND MCDONAH
650 _aR V HALFORD CROYDON CROWN COURT
650 _aR V ISLINGTON LBC EX P BYFIELD
650 _aR V PORT TALBOT BC
650 _aR V SHROPSHIRE CC EX P BUNGAY
650 _aR V SOS ENVIRONMENT EX P DAVIS
650 _aR V SOUTHWARK LBC EX P BANNERMANN
650 _aRENT ACT 1977
650 _aSTAVES V LEEDS CC
650 _aTAGRO V CAFANE
650 _aTYLER V KENSINGTON AND CHELSEA RBC
650 _aVENUS V KAHN
650 _aWATTS V MORROW
650 _aWESTMINSTER CC V BASSON
650 _aWESTMINSTER CC V DUKE OF WESTMINSTER
690 _aHOUSING
700 _aMadge, N.
942 _n0
948 _c04/03/1997
999 _c29212
_d29212